History of Chemistry in Ancient & Medieval India (Record no. 364055)

MARC details
000 -LEADER
fixed length control field 003480000a22001330004500
005 - DATE AND TIME OF LATEST TRANSACTION
control field 20120302065148.0
040 ## - CATALOGING SOURCE
Original cataloging agency Eng
100 ## - MAIN ENTRY--PERSONAL NAME
Personal name Ray, Acharya Prafulla Chandra
245 ## - TITLE STATEMENT
Title History of Chemistry in Ancient & Medieval India
260 ## - PUBLICATION, DISTRIBUTION, ETC. (IMPRINT)
Place of publication, distribution, etc Calcutta:Indian Chemical Society, 1956
300 ## - PHYSICAL DESCRIPTION
Extent N;ii;473p..-ill
365 ## - TRADE PRICE
Price amount 50/-
942 ## - ADDED ENTRY ELEMENTS (KOHA)
Koha item type Book
Holdings
Withdrawn status Lost status Damaged status Not for loan Home library Current library Date acquired Total Checkouts Barcode Date last seen Price effective from
        Institute For Oriental Study, Thane Institute For Oriental Study, Thane 12/02/2009   IOS-ES 25110 12/02/2009 12/02/2009